Wealth Effects of Delistings Announcements in Europe
Na základe európskeho súboru údajov o 478 zrušeniach, skúmanie v krátkodobom horizonte úlohu správy a riadenia spoločností vo výkonnosti európskych akcií pri rozhodnutí o vylúčení. Na dosiahnutie tohto cieľa autori využívajú metodológiu štúdie udalostí vo viacerých kontextoch a prierezovú regresnú a...
Guardado en:
| Autor principal: | |
|---|---|
| Otros Autores: | , |
| Formato: | Capítulo de libro |
| Lenguaje: | inglés |
| Materias: | |
| Etiquetas: |
Sin Etiquetas, Sea el primero en etiquetar este registro!
|
MARC
| LEADER | 00000nla a2200000 4500 | ||
|---|---|---|---|
| 001 | 0242735 | ||
| 005 | 20220803162001.9 | ||
| 041 | 0 | |a eng | |
| 044 | |a UA | ||
| 245 | 1 | 0 | |a Wealth Effects of Delistings Announcements in Europe |c Apostolos Dasilas, Chris Grose, Theodoros Spyridis |
| 520 | |a Na základe európskeho súboru údajov o 478 zrušeniach, skúmanie v krátkodobom horizonte úlohu správy a riadenia spoločností vo výkonnosti európskych akcií pri rozhodnutí o vylúčení. Na dosiahnutie tohto cieľa autori využívajú metodológiu štúdie udalostí vo viacerých kontextoch a prierezovú regresnú analýzu. | ||
| 610 | 2 | 0 | |a riadenie |
| 610 | 2 | 0 | |a riadenie finančné |
| 610 | 2 | 0 | |a rozhodovanie |
| 610 | 2 | 0 | |a rozhodovanie manažérske |
| 610 | 2 | 0 | |a efektívnosť |
| 610 | 2 | 0 | |a efektívnosť investícií ekonomická |
| 610 | 2 | 0 | |a burzy |
| 610 | 2 | 0 | |a akcionári |
| 610 | 2 | 0 | |a analýza regresná |
| 610 | 2 | 0 | |a Európska únia |
| 100 | 1 | |a Dasilas, Apostolos | |
| 700 | 1 | |a Grose, Chris | |
| 700 | 1 | |a Spyridis, Theodoros | |